000 00534nam a2200181 a 4500
001 0761
005 20140414131859.0
008 040929s19uu xx 00 eng d
020 _a971-511-390-7
050 _aFIL 220.9
_bA82 1995
245 _aSi Abraham /
_cillustrated by Elmer Cruz, Roderick Cruz and Leo Cultura.
260 _aPhilippines :
_bOMF Literature,
_c1995.
300 _a15 p. : ill. ; cm.
650 _aBible stories for children.
650 _aChildren stories.
650 _aFilipino stories.
999 _c110595
_d110595